00522nam a22001217a 4500008004100000040005500041080001800096245017200114260005700286300001000343650002100353653002600374230602b |||||||| |||| 00| 0 eng d aNational Science LibrarycNational Science Library a616-001.2bK3 aRadiation damage in reactor materialsc/ Proceeding series radiation damage in reactor materials part of the proceedings.................................7-11 May, 1962 aVienna: bInternational Atomic Energy Agency, c1963 a762p. aRadiation damage aFissionable materials